[Event "MP do lat 16 - dziewczeta"]
[Site "Sypniewo"]
[Date "2022.03.20"]
[Round "2.1"]
[White "Siekanska, Maria"]
[Black "Oborska, Magda"]
[Result "1/2-1/2"]
[BlackElo "1627"]
[WhiteElo "1989"]
[LiveChessVersion "1.4.8"]

1. d4 {[%clk 1:30:57]} d5 {[%clk 1:30:56]} 2. c4 {[%clk 1:31:19]} e6
{[%clk 1:31:21]} 3. Nc3 {[%clk 1:31:36]} Nf6 {[%clk 1:31:47]} 4. cxd5
{[%clk 1:31:55]} exd5 {[%clk 1:32:12]} 5. Bg5 {[%clk 1:32:15]} Be7
{[%clk 1:32:35]} 6. e3 {[%clk 1:32:22]} c6 {[%clk 1:32:52]} 7. Bd3
{[%clk 1:32:26]} h6 {[%clk 1:32:57]} 8. Bh4 {[%clk 1:32:06]} Nbd7
{[%clk 1:32:27]} 9. Nge2 {[%clk 1:32:00]} O-O {[%clk 1:32:41]} 10. O-O
{[%clk 1:32:08]} Nh5 {[%clk 1:31:48]} 11. Bxe7 {[%clk 1:31:44]} Qxe7
{[%clk 1:32:09]} 12. Qc2 {[%clk 1:29:13]} Ndf6 {[%clk 1:28:56]} 13. Rae1
{[%clk 1:27:43]} Re8 {[%clk 1:26:36]} 14. Nc1 {[%clk 1:24:47]} Qd6
{[%clk 1:23:47]} 15. f3 {[%clk 1:22:33]} g6 {[%clk 1:22:20]} 16. Qf2
{[%clk 1:17:43]} Be6 {[%clk 1:19:31]} 17. Kh1 {[%clk 1:14:34]} Rad8
{[%clk 1:18:00]} 18. g4 {[%clk 1:07:45]} Ng7 {[%clk 1:17:27]} 19. Qh4
{[%clk 1:07:40]} Bd7 {[%clk 1:11:05]} 20. Qxh6 {[%clk 1:01:41]} c5
{[%clk 1:02:52]} 21. dxc5 {[%clk 0:59:14]} Qxc5 {[%clk 1:02:51]} 22. Nb3
{[%clk 0:59:20]} Qb6 {[%clk 1:00:34]} 23. Qh4 {[%clk 0:48:17]} Rc8
{[%clk 0:55:55]} 24. Qf2 {[%clk 0:46:24]} Bc6 {[%clk 0:52:23]} 25. Nd4
{[%clk 0:45:48]} Nd7 {[%clk 0:50:12]} 26. f4 {[%clk 0:41:00]} Ne6
{[%clk 0:46:27]} 27. f5 {[%clk 0:39:23]} Nxd4 {[%clk 0:37:01]} 28. exd4
{[%clk 0:38:18]} Rxe1 {[%clk 0:34:47]} 29. Rxe1 {[%clk 0:38:18]} Nf8
{[%clk 0:33:57]} 30. fxg6 {[%clk 0:34:08]} fxg6 {[%clk 0:30:13]} 31. Re7
{[%clk 0:32:37]} Be8 {[%clk 0:29:29]} 32. Nxd5 {[%clk 0:29:00]} Qc6
{[%clk 0:28:23]} 33. Be4 {[%clk 0:29:07]} Qc1+ {[%clk 0:27:46]} 34. Kg2
{[%clk 0:29:18]} Qg5 {[%clk 0:25:27]} 35. Nf6+ {[%clk 0:29:22]} Kh8
{[%clk 0:25:01]} 36. h4 {[%clk 0:29:28]} Qb5 {[%clk 0:23:55]} 37. Qd2
{[%clk 0:29:42]} g5 {[%clk 0:23:44]} 38. Re5 {[%clk 0:26:05]} Qb6
{[%clk 0:21:59]} 39. Nxe8 {[%clk 0:21:25]} Ne6 {[%clk 0:20:47]} 40. Rxe6
{[%clk 0:47:33]} Qxe6 {[%clk 0:50:59]} 41. Nd6 {[%clk 0:42:07]} Qxd6
{[%clk 0:49:23]} 42. Qxg5 {[%clk 0:42:10]} Rc7 {[%clk 0:48:38]} 43. Qe5+
{[%clk 0:40:02]} Qxe5 {[%clk 0:48:47]} 44. dxe5 {[%clk 0:40:30]} Re7
{[%clk 0:48:47]} 45. Kf3 {[%clk 0:39:20]} Rxe5 {[%clk 0:49:08]} 46. b3
{[%clk 0:38:46]} Rb5 {[%clk 0:48:55]} 47. g5 {[%clk 0:38:23]} Ra5
{[%clk 0:46:33]} 48. Bxb7 {[%clk 0:37:06]} Rxa2 {[%clk 0:46:56]} 49. Bd5
{[%clk 0:36:40]} Rh2 {[%clk 0:44:37]} 50. Kg3 {[%clk 0:28:52]} Rd2
{[%clk 0:44:36]} 1/2-1/2

[Event "MP do lat 16 - dziewczeta"]
[Site "Sypniewo"]
[Date "2022.03.20"]
[Round "2.2"]
[White "Uliasz, Katarzyna"]
[Black "Zabrzanska, Weronika"]
[Result "0-1"]
[BlackElo "1942"]
[WhiteElo "1575"]
[LiveChessVersion "1.4.8"]

1. e4 {[%clk 1:30:57]} e5 {[%clk 1:30:49]} 2. Nf3 {[%clk 1:31:12]} Nc6
{[%clk 1:31:10]} 3. Bb5 {[%clk 1:31:15]} a6 {[%clk 1:31:22]} 4. Ba4
{[%clk 1:31:37]} Nf6 {[%clk 1:31:12]} 5. O-O {[%clk 1:31:24]} Nxe4
{[%clk 1:31:01]} 6. d4 {[%clk 1:31:30]} b5 {[%clk 1:31:04]} 7. Bb3
{[%clk 1:31:37]} d5 {[%clk 1:31:29]} 8. dxe5 {[%clk 1:31:53]} Be6
{[%clk 1:31:52]} 9. c3 {[%clk 1:32:13]} Bc5 {[%clk 1:22:12]} 10. Nbd2
{[%clk 1:30:25]} Nxf2 {[%clk 1:13:06]} 11. Rxf2 {[%clk 1:30:16]} f6
{[%clk 1:13:19]} 12. exf6 {[%clk 1:27:32]} Bxf2+ {[%clk 1:13:36]} 13. Kxf2
{[%clk 1:27:49]} Qxf6 {[%clk 1:14:03]} 14. Nf1 {[%clk 1:26:40]} Ne5
{[%clk 1:05:02]} 15. Bxd5 {[%clk 1:03:05]} O-O-O {[%clk 0:57:25]} 16. Bg5
{[%clk 0:51:06]} Rxd5 {[%clk 0:54:16]} 17. Qxd5 {[%clk 0:50:37]} Bxd5
{[%clk 0:54:22]} 18. Bxf6 {[%clk 0:51:00]} Ng4+ {[%clk 0:54:35]} 19. Kg1
{[%clk 0:47:55]} Nxf6 {[%clk 0:54:38]} 20. Ne3 {[%clk 0:46:41]} Be4
{[%clk 0:53:00]} 21. a4 {[%clk 0:44:31]} Re8 {[%clk 0:52:08]} 22. Kf2
{[%clk 0:40:27]} Bb7 {[%clk 0:45:51]} 23. axb5 {[%clk 0:38:51]} Ne4+
{[%clk 0:45:10]} 24. Ke2 {[%clk 0:36:22]} axb5 {[%clk 0:44:02]} 25. Rd1
{[%clk 0:30:17]} Ba6 {[%clk 0:41:59]} 26. Nd2 {[%clk 0:25:34]} Nd6
{[%clk 0:39:41]} 27. Kf2 {[%clk 0:23:52]} Bb7 {[%clk 0:38:31]} 28. Re1
{[%clk 0:22:03]} Rd8 {[%clk 0:37:33]} 29. Nef1 {[%clk 0:19:58]} Rf8+
{[%clk 0:31:21]} 30. Kg1 {[%clk 0:18:38]} Nf5 {[%clk 0:26:32]} 31. Ne3
{[%clk 0:16:12]} Re8 {[%clk 0:25:18]} 32. Ndf1 {[%clk 0:14:48]} Nd6
{[%clk 0:25:05]} 33. Nc2 {[%clk 0:11:53]} Be4 {[%clk 0:23:23]} 34. Nd4
{[%clk 0:10:29]} Kd7 {[%clk 0:17:01]} 35. Nd2 {[%clk 0:07:45]} Bd3
{[%clk 0:09:54]} 36. Rxe8 {[%clk 0:07:23]} Nxe8 {[%clk 0:09:07]} 37. N2f3
{[%clk 0:07:06]} Kd6 {[%clk 0:07:54]} 38. Ne1 {[%clk 0:06:32]} Bc4
{[%clk 0:07:42]} 39. Kf2 {[%clk 0:02:49]} c5 {[%clk 0:07:36]} 40. Ndf3
{[%clk 0:32:06]} Nf6 {[%clk 0:37:50]} 41. h3 {[%clk 0:29:30]} h6 {[%clk 0:36:41]}
42. Nd2 {[%clk 0:28:20]} Be6 {[%clk 0:36:26]} 43. Nd3 {[%clk 0:27:08]} Bf5
{[%clk 0:36:18]} 44. Ne1 {[%clk 0:24:06]} Kd5 {[%clk 0:33:36]} 45. Ke3
{[%clk 0:23:32]} g5 {[%clk 0:32:51]} 46. b3 {[%clk 0:14:26]} Kd6 {[%clk 0:30:53]}
47. c4 {[%clk 0:09:28]} b4 {[%clk 0:30:49]} 48. Nef3 {[%clk 0:06:13]} Bg6
{[%clk 0:29:45]} 49. Nh2 {[%clk 0:06:01]} Ke6 {[%clk 0:27:52]} 50. g4
{[%clk 0:04:31]} Ke5 {[%clk 0:26:56]} 51. Nhf3+ {[%clk 0:04:40]} Kd6
{[%clk 0:27:12]} 52. Nh2 {[%clk 0:04:08]} Bf7 {[%clk 0:26:34]} 53. Nhf3
{[%clk 0:03:26]} Bg6 {[%clk 0:26:34]} 54. Nh2 {[%clk 0:03:50]} Be8
{[%clk 0:26:53]} 55. Nhf3 {[%clk 0:03:54]} Bc6 {[%clk 0:27:03]} 56. Ne1
{[%clk 0:03:33]} Ke5 {[%clk 0:23:35]} 57. Nd3+ {[%clk 0:03:35]} Kd6
{[%clk 0:23:46]} 58. Ne1 {[%clk 0:04:03]} Nd7 {[%clk 0:23:07]} 59. Ne4+
{[%clk 0:02:35]} Kc7 {[%clk 0:22:10]} 60. Nd3 {[%clk 0:02:17]} Kb6
{[%clk 0:22:22]} 61. Nef2 {[%clk 0:01:56]} Nf8 {[%clk 0:21:51]} 62. Ne4
{[%clk 0:02:00]} Ne6 {[%clk 0:21:55]} 63. Nef2 {[%clk 0:01:52]} Bg2
{[%clk 0:20:53]} 64. Ne1 {[%clk 0:01:29]} Bc6 {[%clk 0:19:56]} 65. Ned3
{[%clk 0:01:57]} Bb7 {[%clk 0:17:10]} 66. Nd1 {[%clk 0:01:54]} Bg2
{[%clk 0:13:37]} 67. N1f2 {[%clk 0:01:41]} Nd8 {[%clk 0:13:42]} 68. Ne5
{[%clk 0:01:29]} Kc7 {[%clk 0:12:57]} 69. Ned3 {[%clk 0:01:39]} Nb7
{[%clk 0:12:59]} 70. Ne1 {[%clk 0:01:55]} Bf1 {[%clk 0:10:32]} 71. Ned3
{[%clk 0:01:29]} Kb6 {[%clk 0:10:44]} 72. Ke4 {[%clk 0:01:26]} Na5
{[%clk 0:04:32]} 73. Nc1 {[%clk 0:01:42]} Kc6 {[%clk 0:04:37]} 74. Ke5
{[%clk 0:01:03]} Kb6 {[%clk 0:03:10]} 75. Kd6 {[%clk 0:00:48]} Bg2
{[%clk 0:01:28]} 76. Ke5 {[%clk 0:00:56]} Kc6 {[%clk 0:00:48]} 77. Ke6
{[%clk 0:01:15]} Bf1 {[%clk 0:01:10]} 78. Ke5 {[%clk 0:01:14]} Bg2
{[%clk 0:00:55]} 79. Ke6 {[%clk 0:01:39]} Kb6 {[%clk 0:00:44]} 80. Ke5
{[%clk 0:02:00]} Bf1 {[%clk 0:01:07]} 81. Kd5 {[%clk 0:02:11]} Bg2+
{[%clk 0:01:10]} 82. Ke5 {[%clk 0:02:27]} Kc7 {[%clk 0:01:17]} 83. Ke6
{[%clk 0:02:22]} Kc6 {[%clk 0:01:36]} 84. Ke5 {[%clk 0:02:25]} Bf1
{[%clk 0:01:58]} 85. Ke6 {[%clk 0:01:18]} Nxb3 {[%clk 0:04:08]} 86. Ncd3
{[%clk 0:01:10]} Nd2 {[%clk 0:04:06]} 87. Kf6 {[%clk 0:01:24]} Nxc4
{[%clk 0:04:24]} 88. Kg6 {[%clk 0:01:50]} b3 {[%clk 0:04:17]} 89. Kxh6
{[%clk 0:01:52]} Bxd3 {[%clk 0:04:03]} 90. Nxd3 {[%clk 0:02:10]} b2
{[%clk 0:04:32]} 91. Nxb2 {[%clk 0:02:28]} Nxb2 {[%clk 0:05:00]} 92. Kxg5
{[%clk 0:02:37]} c4 {[%clk 0:01:30]} 93. Kf4 {[%clk 0:02:10]} Nd1
{[%clk 0:01:10]} 94. Ke4 {[%clk 0:02:11]} Kc5 {[%clk 0:00:56]} 95. g5
{[%clk 0:01:45]} Nf2+ {[%clk 0:00:52]} 96. Kf5 {[%clk 0:01:56]} Kd6
{[%clk 0:00:44]} 97. Kf4 {[%clk 0:01:01]} c3 {[%clk 0:00:38]} 98. Ke3
{[%clk 0:01:22]} Ke5 {[%clk 0:00:46]} 99. h4 {[%clk 0:01:31]} Kf5
{[%clk 0:00:44]} 100. Ke2 {[%clk 0:01:41]} Kg6 {[%clk 0:00:34]} 101. Ke3
{[%clk 0:01:49]} Kf5 {[%clk 0:01:02]} 102. Ke2 {[%clk 0:02:14]} Ke4
{[%clk 0:00:50]} 103. h5 {[%clk 0:02:17]} Nd3 {[%clk 0:00:38]} 104. Kd1
{[%clk 0:02:25]} Nf4 {[%clk 0:00:39]} 105. Kc2 {[%clk 0:02:35]} Kd4
{[%clk 0:01:08]} 106. h6 {[%clk 0:02:39]} Ng6 {[%clk 0:01:27]} 107. h7
{[%clk 0:02:55]} Kc4 {[%clk 0:01:49]} 108. Kc1 {[%clk 0:03:14]} Kd3
{[%clk 0:02:01]} 109. Kd1 {[%clk 0:03:39]} Nh8 {[%clk 0:02:20]} 110. Kc1
{[%clk 0:03:33]} c2 {[%clk 0:02:42]} 111. g6 {[%clk 0:03:10]} Nxg6
{[%clk 0:03:05]} 112. Kb2 {[%clk 0:03:13]} Kd2 {[%clk 0:03:23]} 113. Kb3
{[%clk 0:03:38]} c1=Q {[%clk 0:03:42]} 114. h8=Q {[%clk 0:04:03]} Nxh8
{[%clk 0:04:04]} 0-1

[Event "MP do lat 16 - dziewczeta"]
[Site "Sypniewo"]
[Date "2022.03.20"]
[Round "2.3"]
[White "Starosta, Martyna"]
[Black "Niedorys, Karolina"]
[Result "1-0"]
[BlackElo "1583"]
[WhiteElo "1894"]
[LiveChessVersion "1.4.8"]

1. e4 {[%clk 1:30:56]} c5 {[%clk 1:30:47]} 2. Nf3 {[%clk 1:31:19]} d6
{[%clk 1:30:50]} 3. d4 {[%clk 1:31:41]} cxd4 {[%clk 1:30:59]} 4. Nxd4
{[%clk 1:31:55]} Nf6 {[%clk 1:31:00]} 5. Nc3 {[%clk 1:32:16]} g6 {[%clk 1:29:49]}
6. Be3 {[%clk 1:32:14]} Bg7 {[%clk 1:28:18]} 7. f3 {[%clk 1:32:00]} O-O
{[%clk 1:26:16]} 8. Qd2 {[%clk 1:32:04]} Nc6 {[%clk 1:25:11]} 9. g4
{[%clk 1:31:17]} Nxd4 {[%clk 1:24:30]} 10. Bxd4 {[%clk 1:31:30]} Be6
{[%clk 1:24:42]} 11. h4 {[%clk 1:31:14]} Qa5 {[%clk 1:05:39]} 12. h5
{[%clk 1:29:44]} Rfc8 {[%clk 0:59:58]} 13. Be2 {[%clk 1:09:49]} Qb4
{[%clk 0:42:33]} 14. O-O-O {[%clk 1:06:36]} Qa5 {[%clk 0:40:17]} 15. a3
{[%clk 1:04:47]} a6 {[%clk 0:39:43]} 16. h6 {[%clk 1:03:19]} Bh8 {[%clk 0:37:02]}
17. g5 {[%clk 1:01:54]} Ne8 {[%clk 0:36:00]} 18. f4 {[%clk 0:59:20]} b5
{[%clk 0:34:16]} 19. Bxh8 {[%clk 0:56:23]} Kxh8 {[%clk 0:33:45]} 20. Rdf1
{[%clk 0:52:00]} Rc5 {[%clk 0:22:26]} 21. Qd4+ {[%clk 0:48:53]} Kg8
{[%clk 0:21:56]} 22. f5 {[%clk 0:47:10]} gxf5 {[%clk 0:18:11]} 23. exf5
{[%clk 0:45:49]} Bd7 {[%clk 0:11:41]} 24. g6 {[%clk 0:43:52]} f6 {[%clk 0:09:40]}
25. Bf3 {[%clk 0:42:58]} Rac8 {[%clk 0:09:17]} 26. Bd5+ {[%clk 0:42:47]} Kh8
{[%clk 0:08:39]} 27. g7+ {[%clk 0:43:11]} Nxg7 {[%clk 0:09:02]} 28. hxg7+
{[%clk 0:43:36]} Kxg7 {[%clk 0:09:26]} 29. Qg4+ {[%clk 0:44:00]} Kh8
{[%clk 0:09:46]} 30. Rxh7+ {[%clk 0:44:24]} Kxh7 {[%clk 0:10:10]} 31. Rh1#
{[%clk 0:44:51]} 1-0

[Event "MP do lat 16 - dziewczeta"]
[Site "Sypniewo"]
[Date "2022.03.20"]
[Round "2.4"]
[White "Giemza, Julia"]
[Black "Barwinska, Ewa"]
[Result "0-1"]
[BlackElo "1848"]
[WhiteElo "1512"]
[LiveChessVersion "1.4.8"]

1. e4 {[%clk 1:30:59]} c5 {[%clk 1:30:45]} 2. Nf3 {[%clk 1:31:23]} d6
{[%clk 1:31:05]} 3. Bb5+ {[%clk 1:31:48]} Nd7 {[%clk 1:31:26]} 4. Ba4
{[%clk 1:32:02]} a6 {[%clk 1:27:55]} 5. c4 {[%clk 1:31:30]} Ngf6 {[%clk 1:25:18]}
6. O-O {[%clk 1:30:40]} g6 {[%clk 1:11:22]} 7. Nc3 {[%clk 1:27:35]} Bg7
{[%clk 1:09:55]} 8. d4 {[%clk 1:27:26]} cxd4 {[%clk 1:10:12]} 9. Nxd4
{[%clk 1:27:49]} Qc7 {[%clk 1:07:41]} 10. Qe2 {[%clk 1:23:25]} O-O
{[%clk 1:04:30]} 11. Be3 {[%clk 1:22:25]} Ne5 {[%clk 1:00:48]} 12. Bb3
{[%clk 1:17:34]} Neg4 {[%clk 0:56:17]} 13. Bd2 {[%clk 1:08:18]} d5
{[%clk 0:49:05]} 14. Nf3 {[%clk 1:00:13]} dxe4 {[%clk 0:47:30]} 15. Nxe4
{[%clk 1:00:19]} Nxe4 {[%clk 0:46:32]} 16. Qxe4 {[%clk 1:00:20]} Bf5
{[%clk 0:43:04]} 17. Qf4 {[%clk 0:55:35]} Qxf4 {[%clk 0:42:03]} 18. Bxf4
{[%clk 0:55:58]} Bxb2 {[%clk 0:41:17]} 19. Rad1 {[%clk 0:55:52]} Rfd8
{[%clk 0:36:07]} 20. Bc7 {[%clk 0:52:13]} Rxd1 {[%clk 0:31:49]} 21. Rxd1
{[%clk 0:52:33]} Rc8 {[%clk 0:27:51]} 22. Bb6 {[%clk 0:50:26]} Be6
{[%clk 0:24:54]} 23. h3 {[%clk 0:42:44]} Nf6 {[%clk 0:23:49]} 24. Rd2
{[%clk 0:35:51]} Ba3 {[%clk 0:22:33]} 25. Rc2 {[%clk 0:35:33]} Nd7
{[%clk 0:19:48]} 26. Be3 {[%clk 0:34:09]} Bf5 {[%clk 0:16:42]} 27. Rd2
{[%clk 0:32:03]} Nc5 {[%clk 0:15:13]} 28. Nd4 {[%clk 0:29:33]} Bd3
{[%clk 0:11:01]} 29. Nc2 {[%clk 0:26:00]} Bc1 {[%clk 0:10:01]} 30. Rd1
{[%clk 0:25:04]} Nxb3 {[%clk 0:05:06]} 31. Rxd3 {[%clk 0:24:14]} Rxc4
{[%clk 0:05:10]} 32. Na3 {[%clk 0:18:33]} Bxa3 {[%clk 0:04:44]} 33. Rxb3
{[%clk 0:18:48]} Bc1 {[%clk 0:04:08]} 34. Rxb7 {[%clk 0:18:04]} Bxe3
{[%clk 0:04:27]} 35. fxe3 {[%clk 0:18:28]} Rc2 {[%clk 0:03:02]} 36. a4
{[%clk 0:18:01]} Ra2 {[%clk 0:02:12]} 37. Rb4 {[%clk 0:18:10]} Kg7
{[%clk 0:02:12]} 38. Kh2 {[%clk 0:18:20]} e6 {[%clk 0:01:47]} 39. Kg3
{[%clk 0:18:44]} g5 {[%clk 0:01:28]} 40. h4 {[%clk 0:47:59]} h6 {[%clk 0:31:23]}
41. hxg5 {[%clk 0:47:44]} hxg5 {[%clk 0:30:06]} 42. Kf3 {[%clk 0:47:46]} Kf6
{[%clk 0:28:47]} 43. g3 {[%clk 0:45:28]} Ke5 {[%clk 0:25:27]} 44. Kg4
{[%clk 0:43:47]} Kf6 {[%clk 0:22:53]} 45. Rc4 {[%clk 0:42:36]} Kg6
{[%clk 0:21:16]} 46. e4 {[%clk 0:39:15]} Ra3 {[%clk 0:14:14]} 47. Kh3
{[%clk 0:34:13]} Kh5 {[%clk 0:13:42]} 48. e5 {[%clk 0:32:31]} Kg6
{[%clk 0:12:37]} 49. Kg4 {[%clk 0:27:53]} Re3 {[%clk 0:12:33]} 50. Rb4
{[%clk 0:25:46]} Rxe5 {[%clk 0:12:43]} 51. Kf3 {[%clk 0:26:11]} f5
{[%clk 0:09:10]} 52. Rb6 {[%clk 0:26:04]} a5 {[%clk 0:09:25]} 53. Rb5
{[%clk 0:25:58]} Kf6 {[%clk 0:09:45]} 54. Rb3 {[%clk 0:25:48]} Re4
{[%clk 0:10:05]} 55. Ra3 {[%clk 0:26:10]} Rb4 {[%clk 0:10:19]} 56. Ke3
{[%clk 0:26:10]} e5 {[%clk 0:09:57]} 57. Kf3 {[%clk 0:26:17]} e4+
{[%clk 0:09:59]} 58. Ke3 {[%clk 0:26:39]} Ke5 {[%clk 0:10:18]} 59. Rc3
{[%clk 0:26:21]} f4+ {[%clk 0:10:26]} 0-1

[Event "MP do lat 16 - dziewczeta"]
[Site "Sypniewo"]
[Date "2022.03.20"]
[Round "2.5"]
[White "Rejniak, Zuzanna"]
[Black "Pietrzak, Emilia"]
[Result "1-0"]
[BlackElo "1474"]
[WhiteElo "1816"]
[LiveChessVersion "1.4.8"]

1. e4 {[%clk 1:29:46]} c5 {[%clk 1:30:59]} 2. Nc3 {[%clk 1:29:07]} e6
{[%clk 1:31:01]} 3. Nf3 {[%clk 1:26:41]} d6 {[%clk 1:29:09]} 4. d4
{[%clk 1:26:13]} cxd4 {[%clk 1:29:19]} 5. Nxd4 {[%clk 1:26:18]} Nf6
{[%clk 1:29:23]} 6. Be2 {[%clk 1:20:23]} a6 {[%clk 1:29:12]} 7. O-O
{[%clk 1:18:14]} Be7 {[%clk 1:29:18]} 8. Be3 {[%clk 1:15:13]} O-O
{[%clk 1:28:55]} 9. Kh1 {[%clk 1:12:30]} Nc6 {[%clk 1:26:16]} 10. f4
{[%clk 1:07:00]} Nxd4 {[%clk 1:23:14]} 11. Qxd4 {[%clk 0:59:55]} b5
{[%clk 1:18:12]} 12. e5 {[%clk 0:59:55]} dxe5 {[%clk 1:18:12]} 13. Qxd8
{[%clk 0:41:41]} Rxd8 {[%clk 1:06:31]} 14. Bf3 {[%clk 0:40:27]} e4
{[%clk 1:01:47]} 15. Nxe4 {[%clk 0:40:48]} Nd5 {[%clk 1:01:35]} 16. Bc5
{[%clk 0:40:48]} Kf8 {[%clk 0:53:34]} 17. a4 {[%clk 0:24:55]} bxa4
{[%clk 0:45:56]} 18. c4 {[%clk 0:18:08]} Nxf4 {[%clk 0:39:22]} 19. Bb6
{[%clk 0:18:08]} Re8 {[%clk 0:31:34]} 20. Nd6 {[%clk 0:10:52]} Bxd6
{[%clk 0:31:34]} 21. Bxa8 {[%clk 0:11:17]} Bd7 {[%clk 0:25:40]} 22. Be4
{[%clk 0:11:19]} Rc8 {[%clk 0:24:07]} 23. c5 {[%clk 0:10:53]} Be5
{[%clk 0:24:07]} 24. Bb7 {[%clk 0:10:44]} Rb8 {[%clk 0:19:20]} 25. c6
{[%clk 0:09:36]} Be8 {[%clk 0:14:59]} 26. Rxa4 {[%clk 0:05:30]} Rxb7
{[%clk 0:13:54]} 27. cxb7 {[%clk 0:04:23]} Bxa4 {[%clk 0:13:31]} 28. Rc1
{[%clk 0:04:50]} Nd5 {[%clk 0:03:25]} 29. Bc7 {[%clk 0:04:50]} Bxc7
{[%clk 0:03:25]} 30. Rxc7 {[%clk 0:05:33]} Nxc7 {[%clk 0:03:57]} 31. b8=Q+
{[%clk 0:05:55]} Be8 {[%clk 0:03:26]} 32. Qxc7 {[%clk 0:06:20]} 1-0

[Event "MP do lat 16 - dziewczeta"]
[Site "Sypniewo"]
[Date "2022.03.20"]
[Round "2.6"]
[White "Szczotka, Matylda"]
[Black "Bukala, Weronika"]
[Result "0-1"]
[BlackElo "1801"]
[WhiteElo "1479"]
[LiveChessVersion "1.4.8"]

1. e4 {[%clk 1:30:57]} c5 {[%clk 1:30:44]} 2. Nf3 {[%clk 1:31:21]} Nc6
{[%clk 1:31:05]} 3. d4 {[%clk 1:31:41]} cxd4 {[%clk 1:31:27]} 4. Nxd4
{[%clk 1:32:06]} g6 {[%clk 1:31:03]} 5. Nc3 {[%clk 1:31:56]} Bg7 {[%clk 1:30:47]}
6. Nb3 {[%clk 1:31:44]} Nf6 {[%clk 1:30:30]} 7. Be2 {[%clk 1:31:43]} O-O
{[%clk 1:29:49]} 8. O-O {[%clk 1:31:48]} d6 {[%clk 1:03:20]} 9. Re1
{[%clk 1:30:34]} Be6 {[%clk 1:01:57]} 10. Bf1 {[%clk 1:29:16]} Ng4
{[%clk 0:56:20]} 11. Nd5 {[%clk 1:17:23]} Be5 {[%clk 0:37:54]} 12. f4
{[%clk 0:50:03]} Bxd5 {[%clk 0:32:45]} 13. Qxg4 {[%clk 0:46:55]} Bxb3
{[%clk 0:27:51]} 14. axb3 {[%clk 0:44:42]} Qb6+ {[%clk 0:25:30]} 15. Kh1
{[%clk 0:39:25]} Bg7 {[%clk 0:24:55]} 16. Qg3 {[%clk 0:22:17]} Nb4
{[%clk 0:18:09]} 17. Bd3 {[%clk 0:15:57]} Rfc8 {[%clk 0:13:55]} 18. c3
{[%clk 0:12:09]} Nxd3 {[%clk 0:13:41]} 19. Qxd3 {[%clk 0:12:31]} Qxb3
{[%clk 0:13:30]} 20. Ra3 {[%clk 0:08:53]} Qc4 {[%clk 0:13:14]} 21. Qc2
{[%clk 0:05:35]} b5 {[%clk 0:09:49]} 22. Be3 {[%clk 0:02:56]} a6 {[%clk 0:08:14]}
23. Rc1 {[%clk 0:02:13]} Rc6 {[%clk 0:05:57]} 24. h3 {[%clk 0:00:47]} Rac8
{[%clk 0:04:00]} 25. Rca1 {[%clk 0:00:34]} b4 {[%clk 0:03:41]} 26. Ra4
{[%clk 0:00:50]} Qb5 {[%clk 0:02:17]} 27. Ra5 {[%clk 0:01:15]} Qb7
{[%clk 0:01:54]} 28. Qb3 {[%clk 0:00:54]} Rc4 {[%clk 0:02:08]} 29. Rxa6
{[%clk 0:00:49]} Qxe4 {[%clk 0:01:56]} 30. Bd2 {[%clk 0:00:33]} bxc3
{[%clk 0:02:00]} 31. bxc3 {[%clk 0:00:50]} Bxc3 {[%clk 0:01:47]} 32. Re1
{[%clk 0:00:45]} Qd3 {[%clk 0:01:20]} 33. Bxc3 {[%clk 0:00:37]} Rxc3
{[%clk 0:01:39]} 34. Qb7 {[%clk 0:00:40]} R3c7 {[%clk 0:01:16]} 35. Qb6
{[%clk 0:00:39]} Qg3 {[%clk 0:01:07]} 36. Rg1 {[%clk 0:00:34]} Qxf4
{[%clk 0:01:18]} 37. Qb2 0-1

[Event "MP do lat 16 - dziewczeta"]
[Site "Sypniewo"]
[Date "2022.03.20"]
[Round "2.7"]
[White "Tokarz, Izabela"]
[Black "Zalewska, Malgorzata"]
[Result "1-0"]
[BlackElo "1338"]
[WhiteElo "1796"]
[LiveChessVersion "1.4.8"]

1. d4 {[%clk 1:30:59]} Nf6 {[%clk 1:30:55]} 2. c4 {[%clk 1:31:16]} e6
{[%clk 1:31:19]} 3. Nc3 {[%clk 1:31:40]} Bb4 {[%clk 1:31:40]} 4. f3
{[%clk 1:32:01]} c5 {[%clk 1:31:18]} 5. d5 {[%clk 1:32:10]} d6 {[%clk 1:31:18]}
6. a3 {[%clk 1:22:47]} Bxc3+ {[%clk 1:31:36]} 7. bxc3 {[%clk 1:23:13]} e5
{[%clk 1:31:50]} 8. e4 {[%clk 1:23:12]} Nh5 {[%clk 1:25:13]} 9. Be3
{[%clk 1:15:58]} Nf4 {[%clk 1:17:14]} 10. Qd2 {[%clk 1:05:47]} Ng6
{[%clk 1:16:23]} 11. Bd3 {[%clk 1:05:38]} O-O {[%clk 1:16:36]} 12. Ne2
{[%clk 0:59:07]} f5 {[%clk 1:14:55]} 13. exf5 {[%clk 0:51:46]} Bxf5
{[%clk 1:15:16]} 14. Bxf5 {[%clk 0:49:12]} Rxf5 {[%clk 1:15:34]} 15. Ng3
{[%clk 0:49:34]} Rf7 {[%clk 1:15:06]} 16. Ne4 {[%clk 0:48:14]} h6
{[%clk 1:14:16]} 17. O-O {[%clk 0:46:45]} Qc7 {[%clk 1:10:46]} 18. f4
{[%clk 0:41:19]} Nd7 {[%clk 1:04:20]} 19. f5 {[%clk 0:39:19]} Ne7
{[%clk 1:04:44]} 20. f6 {[%clk 0:38:06]} Nxf6 {[%clk 0:55:58]} 21. Nxf6+
{[%clk 0:38:15]} Rxf6 {[%clk 0:56:16]} 22. Rxf6 {[%clk 0:38:41]} gxf6
{[%clk 0:56:39]} 23. Bxh6 {[%clk 0:38:48]} Nf5 {[%clk 0:55:38]} 24. Rf1
{[%clk 0:35:48]} Qh7 {[%clk 0:54:09]} 25. Be3 {[%clk 0:35:57]} Nxe3
{[%clk 0:49:29]} 26. Qxe3 {[%clk 0:36:22]} Kf7 {[%clk 0:48:46]} 27. Qf3
{[%clk 0:34:38]} Qh4 {[%clk 0:44:20]} 28. Qf5 {[%clk 0:33:40]} Rd8
{[%clk 0:42:21]} 29. g3 {[%clk 0:32:44]} Qh8 {[%clk 0:40:10]} 30. Qe6+
{[%clk 0:32:45]} Kg6 {[%clk 0:40:03]} 31. Qe7 {[%clk 0:28:09]} Qf8
{[%clk 0:39:39]} 32. Qxb7 {[%clk 0:26:52]} Qf7 {[%clk 0:39:17]} 33. Qxf7+
{[%clk 0:15:06]} Kxf7 {[%clk 0:39:40]} 34. Rb1 {[%clk 0:15:33]} Rd7
{[%clk 0:39:58]} 35. Rb8 {[%clk 0:13:56]} a6 {[%clk 0:37:22]} 36. a4
{[%clk 0:11:10]} a5 {[%clk 0:37:38]} 37. Kf2 {[%clk 0:11:31]} f5 {[%clk 0:37:52]}
38. h4 {[%clk 0:10:53]} Kg7 {[%clk 0:38:11]} 39. Rb5 {[%clk 0:04:20]} Ra7
{[%clk 0:37:00]} 40. Rb6 {[%clk 0:34:42]} Kf7 {[%clk 1:06:31]} 41. Rxd6
{[%clk 0:34:55]} Rb7 {[%clk 1:06:58]} 42. Rc6 {[%clk 0:30:22]} Rb3
{[%clk 1:07:21]} 43. Rxc5 {[%clk 0:30:30]} Rxc3 {[%clk 1:07:47]} 44. d6
{[%clk 0:30:03]} Ke6 {[%clk 1:08:10]} 45. Rd5 {[%clk 0:28:58]} Kd7
{[%clk 1:08:31]} 46. Rxe5 {[%clk 0:28:21]} Kxd6 {[%clk 1:08:51]} 47. Rxf5
{[%clk 0:28:45]} 1-0